Sports Quiz

Random Sports or MLB Quiz

MLB Highest Paid by Team (2011) Quiz Stats

 Plays Quiz Updated Dec 23, 2018

Support Sporcle.
Go Orange.
Score 0/30 Timer 06:00
0 Plays Today
Team Player % Correct
NYYAlex Rodriguez
98.2%
MINJoe Mauer
78.9%
PHIRoy Halladay
69.2%
DETMiguel Cabrera
67.7%
MILPrince Fielder
66.7%
HOUCarlos Lee
66.3%
NYMJohan Santana
61.6%
SEAIchiro Suzuki
56.2%
FLAHanley Ramirez
54.3%
STLMatt Holliday
54%
CHCAlfonso Soriano
53%
COLTodd Helton
52%
BOSJosh Beckett
45.4%
KCJoakim Soria
43.9%
TEXMichael Young
42.5%
Team Player % Correct
LAAVernon Wells
39.4%
SFBarry Zito
37.3%
WASJayson Werth
32.2%
CLETravis Hafner
31.6%
TORJose Bautista
30%
ATLDerek Lowe
24.2%
BALNick Markakis
20.7%
CWSJake Peavy
20.6%
ARIKelly Johnson
15.5%
TBJohnny Damon
14.8%
LADRafael Furcal
11.3%
SDHeath Bell
11%
CINFrancisco Cordero
8.7%
OAKDavid DeJesus
4.1%
PITChris Snyder
2.3%

You're not logged in!

Compare scores with friends on all Sporcle quizzes.
OR
Log In

From the Vault

World Camel Population

by wasteoflawtime

Camel fun fact: Camels can drink up to 40 gallons of water in one go.
Remove Ads.
Support Sporcle.
Get the best of Sporcle when you Go Orange. This ad-free experience offers more features, more stats, and more fun while also helping to support Sporcle. Thank you for becoming a member.

Show Comments

Extras

Top Quizzes Today


Score Distribution

Your Account Isn't Verified!

In order to create a playlist on Sporcle, you need to verify the email address you used during registration. Go to your Sporcle Settings to finish the process.

Report this User

Report this user for behavior that violates our Community Guidelines.

Details: